LEADER 00836nam0-22002891i-450- 001 990002572660403321 010 $a0120855658 035 $a000257266 035 $aFED01000257266 035 $a(Aleph)000257266FED01 035 $a000257266 100 $a20000920d1977----km-y0itay50------ba 101 0 $aENG 200 1 $aModels for Public Systems Analysis$fE. J. Beltrami. 210 $aNew York$cAcademic Press$d1977. 215 $axv, 218 p.$d24 cm 610 0 $aRicerca operativa e programmazione, Ricerca operativa$ateoria generale 676 $a658 700 1$aBeltrami,$bEdward J.$026772 801 0$aIT$bUNINA$gRICA$2UNIMARC 901 $aBK 912 $a990002572660403321 952 $aMXVIII-A-40$b3378$fMAS 959 $aMAS 996 $aModels for Public Systems Analysis$9435780 997 $aUNINA DB $aING01